logo

Bir Sreshtho Munshi Abdur Rouf Library
Jhenaidah Cadet College

How to select reinforcers / (Record no. 9506)

MARC details
000 -LEADER
fixed length control field 00892nam a2200301 a 4500
001 - CONTROL NUMBER
JCCL Control Number 9506
003 - CONTROL NUMBER IDENTIFIER
JCCL marc code BD-JhCC
005 - DATE AND TIME OF LATEST TRANSACTION
control field 20180315172942.0
008 - FIXED-LENGTH DATA ELEMENTS--GENERAL INFORMATION
fixed length control field 971022s1998 txu b 000 0 eng d
020 ## - INTERNATIONAL STANDARD BOOK NUMBER
International Standard Book Number 0890797668 (alk. paper)
035 ## - SYSTEM CONTROL NUMBER
system control number (BD-JhCC)9506
040 ## - CATALOGING SOURCE
Original cataloging agency BD-JhCC
Transcribing agency DLC
Modifying agency BD-JhCC
041 ## - LANGUAGE CODE
Language code of Book eng
050 00 - LIBRARY OF CONGRESS CALL NUMBER
Classification number LB1060.2
Item number .H348 1998
082 00 - DEWEY DECIMAL CLASSIFICATION NUMBER
Classification number 370.15/3
DDC Edition number 21
Author mark and Year HAL 1980
100 1# - MAIN ENTRY--PERSONAL NAME
Personal name Hall, R. Vance
Fuller form of name (Robert Vance),
Dates associated with a name 1928-
245 10 - TITLE STATEMENT
Title How to select reinforcers /
Statement of responsibility, etc R. Vance Hall and Marilyn L. Hall.
250 ## - EDITION STATEMENT
Edition statement 2nd ed.
260 ## - PUBLICATION, DISTRIBUTION, ETC. (IMPRINT)
Place of publication, distribution, etc Austin, Tex. :
Name of publisher, distributor, etc Pro-Ed.,
Date of publication, distribution, etc c1998.
300 ## - PHYSICAL DESCRIPTION
Pagination vi, 38 p. ;
Dimensions 23 cm.
440 #0 -
Title How to manage behavior series
504 ## - BIBLIOGRAPHY, ETC. NOTE
Bibliography, etc Includes bibliographical references (p. 37-38).
650 #0 - SUBJECT ADDED ENTRY--TOPICAL TERM
Topical term or geographic name as entry element Behavior modification.
650 #0 - SUBJECT ADDED ENTRY--TOPICAL TERM
Topical term or geographic name as entry element Reinforcement (Psychology)
700 1# - ADDED ENTRY--PERSONAL NAME
Personal name Hall, Marilyn C.
942 ## - ADDED ENTRY ELEMENTS (KOHA)
Source of classification or shelving scheme Dewey Decimal Classification
Koha item type Books
Holdings
Source of classification or shelving scheme Damaged status Not for loan Home library Current library Shelving location Date of accession Source of acquisition Total Checkouts Full call number Barcode Date last seen Copy number Koha item type
Dewey Decimal Classification     JCC Rouf Library JCC Rouf Library General Stacks 03/15/2018 Asia Foundation   370.15/3 HAL 1980 12413 03/15/2018 C-1 Books

JCC Library | Contacts | JCC Home

Last Update on 23 September 2017
Copyright @ 2017-2020 JCC Rouf Library
Rouf Library, Jhenidah Cadet College (JCC), Bangladesh